[Event "Torredembarra op 23rd"]
[Site "Torredembarra"]
[Date "2023.07.02"]
[Round "2"]
[White "Castillo Dalmau, Albert"]
[Black "Ventos, Liberto"]
[Result "1-0"]
[WhiteElo "2326"]
[BlackElo "1926"]
[PlyCount "53"]
[EventDate "2023.07.01"]
[EventType "swiss"]
[EventRounds "9"]
[EventCountry "ESP"]
[SourceTitle "CBM 215 Extra"]
[Source "ChessBase"]
[SourceDate "2023.09.30"]
[SourceVersion "1"]
[SourceVersionDate "2023.09.30"]
[SourceQuality "1"]

1. Nf3 Nf6 2. c4 d6 3. d4 Nbd7 4. Nc3 e5 5. g3 g6 6. Bg2 Bg7 7. 0-0 0-0 8. e4 Re8 9. h3 h6 10. Re1 Kh7 11. Be3 Ng8 12. Qc2 Nf8 13. Rad1 exd4 14. Bxd4 Be6 15. b3 Qc8 16. Kh2 Nf6 17. Qb2 N8d7 18. Nd5 Bxd5 19. cxd5 Bh8 20. Rc1 c5 21. dxc6 bxc6 22. e5 dxe5 23. Nxe5 Nxe5 24. Rxe5 Rxe5 25. Bxe5 Qf5 26. Rxc6 Rd8 27. Bxf6 1-0

[Event "Catalunya-chT Gp1"]
[Site "Barcelona"]
[Date "2023.01.28"]
[Round "2.10"]
[White "Valls Marti, Artur"]
[Black "Ventos, Liberto"]
[Result "1-0"]
[WhiteElo "2149"]
[BlackElo "1961"]
[PlyCount "43"]
[EventDate "2023.01.21"]
[EventType "team-tourn"]
[EventRounds "7"]
[EventCountry "ESP"]
[SourceTitle "CBM 213 Extra"]
[Source "ChessBase"]
[SourceDate "2023.05.31"]
[SourceVersion "1"]
[SourceVersionDate "2023.05.31"]
[SourceQuality "1"]
[WhiteTeam "Ateneu Colon"]
[BlackTeam "Lira Vendrellenca"]
[WhiteTeamCountry "ESP"]
[BlackTeamCountry "ESP"]

1. e4 g6 2. d4 Bg7 3. Bc4 c5 4. Nf3 cxd4 5. 0-0 Nc6 6. c3 Qb6 7. cxd4 Nxd4 8. Nc3 e6 9. Be3 Nxf3+ 10. Qxf3 Qc6 11. Bb5 Qc7 12. Rac1 Qa5 13. Bd2 Qb6 14. Rfe1 a6 15. Nd5 exd5 16. exd5+ Ne7 17. Rxe7+ Kxe7 18. Re1+ Kd8 19. Qxf7 Rf8 20. Bg5+ Kc7 21. Bf4+ Kd8 22. Qe7# 1-0

[Event "Torredembarra op 21st"]
[Site "Torredembarra"]
[Date "2019.07.09"]
[Round "4"]
[White "Ventos, Liberto"]
[Black "Sirera Bargallo, Tomas"]
[Result "0-1"]
[WhiteElo "2013"]
[BlackElo "2115"]
[PlyCount "49"]
[EventDate "2019.07.06"]
[EventType "swiss"]
[EventRounds "9"]
[EventCountry "ESP"]
[SourceTitle "CBM 191 Extra"]
[Source "ChessBase"]
[SourceDate "2019.09.30"]
[SourceVersion "1"]
[SourceVersionDate "2019.09.30"]
[SourceQuality "1"]

1. e4 c5 2. Nc3 Nc6 3. Bb5 Nd4 4. a4 a6 5. Bd3 g6 6. Nf3 Bg7 7. Nxd4 cxd4 8. Ne2 d6 9. 0-0 Bd7 10. b3 e5 11. c3 Ne7 12. cxd4 exd4 13. Ba3 Bc6 14. f4 Qd7 15. Bb2 b5 16. a5 0-0 17. Kh1 f5 18. Ng3 Qb7 19. Qe2 Rae8 20. exf5 Nxf5 21. Qf2 Nh4 22. Ne4 Nxg2 23. Kxg2 Bxe4+ 24. Bxe4 Rxe4 25. Kg3 0-1